000 00960cam a22003015a 4500
001 014938379
003 OSt
005 20180529122539.0
008 090320s2009 enka frbf 001 0 eng d
015 _aGBA931348
_2bnb
016 7 _a014938379
_2Uk
020 _a9781905641758
020 _a1905641753
040 _aStDuBDS
_beng
_cStDuBDS
_dUk
_dEG-ScBUE
082 0 4 _a332.1
_bWEB
_222
100 1 _aWeber, Heinrich.
245 1 4 _aThe ultra high net worth banker's handbook /
_cHeinrich Weber & Stephan Meier.
260 _aPetersfield :
_bHarriman House,
_c2009.
300 _axxiii, 269 p. :
_bill. ;
_c24 cm.
504 _aIncludes bibliographical references and index.
650 7 _aBanks and banking
_vHandbooks, manuals, etc.
_2BUEsh
650 7 _aRich people
_xFinance, Personal.
_2BUEsh
651 _2BUEsh
653 _bBUSECO
_bBUSADM
_cMay2018
690 7 _aManagement and Business Studies
_2blcoll
700 1 _aMeier, Stephan.
942 _2ddc
999 _c26780
_d26752